| 000 | 00788nam a22002297a 4500 | ||
|---|---|---|---|
| 001 | 1339 | ||
| 005 | 20230818090550.0 | ||
| 008 | 230818b cb ||||| |||| 00| 0 eng d | ||
| 020 | _a9781931353069 | ||
| 040 |
_aFISKH _beng _cFISKH _dFISKH |
||
| 050 | _aPZ7.P3725 | ||
| 082 | _a813.6 | ||
| 245 |
_aGoodnight Alaska - goodnight little bear _cBernd and Susan Richter |
||
| 250 | _aSixth Printing, February 2006 | ||
| 260 |
_aWasilla : _bSaddle Pal Creations Inc., _c2001 |
||
| 300 |
_a14 unnumbered pages : _c18cm |
||
| 505 | _aD | ||
| 520 | _aA bear says goodnight to a wide variety of other animals in the Alaskan wilderness before entering a months long sleep or hibernation during the winter. | ||
| 521 |
_a310
_bLexile estimate |
||
| 521 |
_aD
_bRaz-Plus |
||
| 942 |
_2ddc _cBK _n0 |
||
| 999 |
_c1339 _d1339 |
||